000 03052cam a22004814i 4500
003 PE-LiUPU
005 20250731173415.0
008 150706s2008 sp rb 000 0 spa d
020 _a9788431325701
035 _a(Sirsi) i9788431325701
040 _aPE-LiUPU
_bspa
_cPE-LiUPU
_erda
049 _aPRUA
082 0 4 _a231
_bM28
_221
100 1 _aMateo-Seco, Lucas Francisco,
_eautor.
245 1 0 _aDios uno y trino /
_cLucas Francisco Mateo-Seco.
250 _a3a.
264 1 _aNavarra, España :
_bEUNSA,
_c2008.
300 _a778 páginas ;
_c23 centímetros
336 _atext
_2rdacontent
337 _aunmediated
_2rdamedia
338 _avolume
_2rdacarrier
504 _aIncluye bibliografía.
505 0 _aEl misterio de Dios en la sagrada escritura -- El Dios único y trascendente en el Antiguo Testamento -- Los rasgos del Dios de la alianza -- Los rasgos del Dios de la alianza en el Nuevo Testamento -- La revelación del Misterio trinitario -- El misterio de Dios en la tradición de la iglesia -- La época prenicena -- Las herejías antitrinitarias -- De Nicea a Constantinopla -- La teología trinitaria latina -- El final de la época patrística -- La doctrina sobre Dios en la historia de la teología -- El dogma trinitario en el magisterio de la iglesia desde el siglo XIII -- Las cuestiones sobre Dios en los últimos siglos -- Exposición sistemática del misterio de Dios uno y trino -- Fe y razón ante la existencia de Dios -- El conocimiento humano de Dios -- La naturaleza y atributos de Dios -- La trascendencia de Dios sobre el universo material -- La trascendencia de Dios respecto al espacio y al tiempo. -La unicidad de Dios -- Dios, verdad primordial -- El misterio de la vida íntima de Dios -- Las procesiones divinas -- El padre, principio sin principio -- La procesión de la segunda persona -- La procesión del Espíritu Santo -- La teología de las relaciones divinas -- La teología de las personas divinas -- Nociones y apropiaciones -- La 'perichóresis' o 'circuminsessio' -- El concepto teológico de la vida personal en Dios -- La perfección del conocimiento divino -- La voluntad de Dios -- Las personas divinas en la historia de la salvación -- La inhabilitación de la trinidad en el alma del justo.
526 _aSEG42
526 _aSEG41
526 _aSEG40
526 _aSEG39
526 _aP94
526 _aP87
526 _aP86
526 _aP85
526 _aP77
526 _aP76
526 _aP35
541 _g006-0041988;
650 0 4 _aDios.
_93786
910 _agl
_bjv
_clch
_d20120419
942 _2ddc
_cBOOK
949 _a231 M28
_wDEWEY
_c1
_i64467
_lCCODEBUL1
_mBUL
_p47.00
_r0
_sY
_tBOOK
_u2015-7-6
_xTEOLOGIA
_PP35
_o.STAFF. Colección General
994 _aC0
_bPEPRU
596 _a1
999 _a231 M28
_wDEWEY
_c53213
_i64467
_d53213
_e2019-4-7
_f2021-11-9
_g5
_lCCODEBUL1
_mBUL
_n4
_p47.00
_q4
_r0
_sY
_tBOOK
_u2015-7-6
_xTEOLOGIA
_PP35
_0COMPRA
_o.STAFF. Colección Teología
980 _81
_gALBERTO SANCHEZ Responsable de Automatización